Situación reciente de los procesos latinoamericanos de integración /
Se revisa la situación actual de los principales esquemas latinoamericanos de integración, desprendiendo de dicha revisión un conjunto de problemas presentes en ellos, e identificando los actuales intentos de profundización y convergencia de dichos esquemas. Se hace una referencia al desempeño recie...
Uloženo v:
| Hlavní autor: | |
|---|---|
| Médium: | Text |
| Témata: | |
| Tagy: |
Přidat tag
Žádné tagy, Buďte první, kdo vytvoří štítek k tomuto záznamu!
|
MARC
| LEADER | 00000 a a2200000 04500 | ||
|---|---|---|---|
| 001 | 41455 | ||
| 003 | |||
| 040 | |||
| 100 | |a Estay, Jaime | ||
| 245 | |a Situación reciente de los procesos latinoamericanos de integración / |c Jaime Estay | ||
| 520 | |a Se revisa la situación actual de los principales esquemas latinoamericanos de integración, desprendiendo de dicha revisión un conjunto de problemas presentes en ellos, e identificando los actuales intentos de profundización y convergencia de dichos esquemas. Se hace una referencia al desempeño reciente de las economías de América Latina y a las relaciones de dichas economías con el capitalismo desarrollado, para luego centrarse en lo ocurrido con el funcionamiento interno de los principales esquemas: Mercosur, Mercado Común Centroamericano, etc. | ||
| 590 | |a EFU/AGOSTO2011 | ||
| 650 | |a 1.INTEGRACION REGIONAL | ||
| 650 | |a 2.MERCADOS COMUNES | ||
| 650 | |a 3.ANALISIS COMPARATIVO | ||
| 650 | |a 4.AMERICA LATINA | ||
| 650 | |a 5.CARIBE | ||
| 650 | |a 6.RELACIONES ECONOMICAS INTERNACIONALES | ||
| 773 | |g páginas 203-217 : tablas , gráficos | ||
| 999 | |c 19836 |d 19836 | ||
